| 000 | 01098cam a2200241 4500 | ||
|---|---|---|---|
| 001 | C60944 | ||
| 008 | 000000n2000 000 0 eng u | ||
| 035 | _a(Sirsi) u104810 | ||
| 041 | _aeng | ||
| 050 | _a692.9 | ||
| 110 |
_aJoint Contracts Tribunal _93664 |
||
| 245 | _aIntermediate form of building contract for works of simple content 1998 edition: Amendment 2 and guidance notes issued January 2000 sundry amendments. | ||
| 260 |
_aLondon _bRIBA Publications _c2000 |
||
| 300 | _a8p. ; 30cm. | ||
| 490 |
_aJCT Intermediate Form of Building Contract for Works of Simple Content (1998 Edition) _vAmendment 2 |
||
| 650 | _aJCT INTERMEDIATE FORM OF BUILDING CONTRACT FOR WORKS OF SIMPLE CONTENT (1998 EDITION) | ||
| 650 | _aBUILT ENVIRONMENT-BUILDING CONTRACT FORMS | ||
| 650 | _aJCT STANDARD FORM OF BUILDING CONTRACT (1998 EDITION) | ||
| 650 | _aINTERMEDIATE FORM OF BUILDING CONTRACT | ||
| 650 | _aBUILT ENVIRONMENT-BUILDING CONTRACT FORMS-STANDARD FORMS OF BUILDING CONTRACT-JOINT CONTRACTS TRIBNUAL CONTRACTS | ||
| 690 | _aBUILT ENVIRONMENT-BUILDING CONTRACT FORMS | ||
| 942 | _n0 | ||
| 999 |
_c100285 _d100285 |
||